| 000 | 00412nam a2200169Ia 4500 | ||
|---|---|---|---|
| 005 | 20250423101252.0 | ||
| 008 | 250422s9999 xx 000 0 und d | ||
| 020 | _a978-0-205-08278-0 | ||
| 050 | _aJF 51. D73/ | ||
| 100 | _aDraper, Alan | ||
| 245 | 4 | _aThe good society : an introduction to comparative politics | |
| 250 | _a2nd ed. | ||
| 260 | _bPeason | ||
| 260 | _c2012 | ||
| 300 | _a391 p | ||
| 942 | _cBK | ||
| 999 |
_c35804 _d35804 |
||